=LDR 00000nam 2200000 4500 =001 INLIS000000000036333 =005 20130612142128 =008 ***********************************Ind** =035 ##$$0010-061300000036333 =041 ##$$a Ind =082 ##$$a 371.Ham =100 ##$$a Hamalik, Oemar =245 ##$$a Pengajaran Unit, Studi kurikulum dan metodologi =260 ##$$a 1981 $b Bandung =300 ##$$a 209 hlm, 20 cm =850 ##$$a NBPNMAT